000 00407cam a2200181 4500
001 D11844
008 090401t xxu||||| |||| 00| 0 eng d
035 _a(Sirsi) u99886
041 _aeng
050 _a346.4104346
100 _aWood, D.A.
245 _aSide by side leases
350 _a0
520 _aIn Blundell memorial lectures 1983
700 _aFinch, R.C.
942 _n0
948 _c04/03/1997
999 _c99511
_d99511